000 00637cab a2200253 4500
001 ABS50423
008 090401t1994 xxu||||| |||| 00| 0 eng d
035 _a(Sirsi) u75642
041 _aeng
245 _aCentrefolio: Glasgow & Lanarkshire
260 _c1994
350 _a0
490 _aProperty Week
_v47(1) 7 April 1994, 39-63(13)
650 _aEAST KILBRIDE
650 _aGLASGOW
650 _aHAMILTON
650 _aLANARKSHIRE
650 _aMOTHERWELL
650 _aNEWTON MEARNS
650 _aSCOTLAND
690 _aPROPERTY-COMMERCIAL PROPERTY-COMMERCIAL PROPERTY MARKET
942 _n0
948 _c04/03/1997
999 _c47582
_d47582